Friday the 13th Franchise - Statistics

General Stats
  • This quiz has been taken 65 times
  • The average score is 24 of 58
Answer Stats
Type Year Name Info % Correct
Film 1980 Friday the 13th Paramount / Warner Bros.
100%
Novel 1987 Friday the 13th Simon Hawke
100%
Video Game 1989 Friday the 13th LJN
100%
Comic Mini-Series 2006-2007 Friday the 13th WildStorm
100%
Film 2009 Friday the 13th New Line Cinema / Paramount
100%
Video Game 1985 Friday the 13th: The Computer Game Domark
100%
Video Game 2017 Friday the 13th: The Game Gun Media
100%
Film 1981 Friday the 13th Part 2 Paramount
96%
Novel 1988 Friday the 13th Part 2 Simon Hawke
96%
Novel 1988 Friday the 13th Part 3 Simon Hawke
92%
Film 1982 Friday the 13th Part III Paramount
92%
Film 2003 Freddy vs. Jason New Line Cinema
90%
Novel 2003 Freddy vs. Jason Stephen Hand
90%
Film 1993 Jason Goes to Hell: The Final Friday New Line Cinema
87%
Comic Mini-Series 1993 Jason Goes to Hell: The Final Friday Topps Comics
87%
Film 2001 Jason X New Line Cinema
87%
Novel 2005 Jason X Pat Cadigan
87%
Film 1988 Friday the 13th Part VII: The New Blood Paramount
83%
Film 1985 Friday the 13th: A New Beginning Paramount
81%
Novel 1986 Friday the 13th, Part 6: Jason Lives Simon Hawke
81%
Film 1989 Friday the 13th Part VIII: Jason Takes Manhattan Paramount
81%
Film 1986 Friday the 13th Part VI: Jason Lives Paramount
81%
Film 1984 Friday the 13th: The Final Chapter Paramount
71%
TV Show 1987-1990 Friday the 13th: The Series Syndication
29%
Comic Mini-Series 2007-2008 Freddy vs. Jason vs. Ash WildStorm / Dynamite Entertainment
27%
Comic Mini-Series 1995-1996 Jason vs. Leatherface Topps Comics
17%
Comic Mini-Series 2009 Freddy vs. Jason vs. Ash: The Nightmare Warriors WildStorm / Dynamite Entertainment
15%
Comic Mini-Series 2006 Friday the 13th: Jason vs. Jason X Avatar Press
15%
Comic Mini-Series 2005 Friday the 13th: Bloodbath Avatar Press
13%
Novel 2005 Friday the 13th: Church of the Divine Psychopath Scott Phillips
13%
Novel 2006 Friday the 13th: Carnival of Maniacs Stephen Hand
12%
Novel 2005 Friday the 13th: Hate-Kill-Repeat Jason Arnopp
12%
Novel 2005 Friday the 13th: Hell Lake Paul A. Woods
12%
Comic Mini-Series 2007 Friday the 13th: How I Spent My Summer Vacation WildStorm
12%
Novel 1994 Friday the 13th: Jason's Curse Eric Morse
12%
Video Game 2018 Friday the 13th: Killer Puzzle Blue Wizard Digital
12%
Novel 1994 Friday the 13th: The Carnival Eric Morse
12%
Novel 2005 Jason X: The Experiment Pat Cadigan
12%
Novel 2006 Jason X: To the Third Power Nancy Kilpatrick
12%
Comic One-Shot 2008 Friday the 13th: Abuser and the Abused WildStorm
10%
Comic One-Shot 2006 Friday the 13th Fearbook Avatar Press
10%
Novel 1994 Friday the 13th: Mother's Day Eric Morse
10%
Novel 2006 Friday the 13th: The Jason Strain Christa Faust
10%
Novel 2005 Jason X: Death Moon Alex Johnson
10%
Novel 2005 Jason X: Planet of the Beast Nancy Kilpatrick
10%
Comic Mini-Series 2008 Friday the 13th: Bad Land WildStorm
8%
Comic Mini-Series 2007 Friday the 13th: Pamela's Tale WildStorm
8%
Novel 1994 Friday the 13th: Road Trip Eric Morse
8%
Novel 1982 Friday the 13th Part 3D Michael Avallone
6%
Comic One-Shot 2005 Friday the 13th Special Avatar Press
4%
Comic One-Shot 2005 Jason X Special Avatar Press
4%
Short Film 2009 Lost Tales from Camp Blood Paramount
2%
Short Film 2009 Lost Tales from Camp Blood - Part 2 Paramount
2%
Short Film 2009 Lost Tales from Camp Blood - Part 3 Paramount
2%
Short Film 2009 Lost Tales from Camp Blood - Part 4 Paramount
2%
Short Film 2009 Lost Tales from Camp Blood - Part 5 Paramount
2%
Short Film 2009 Lost Tales from Camp Blood - Part 6 Paramount
2%
Short Film 2009 The Crystal Lake Massacres Revisited Paramount
2%
No matching quizzes found
Score Distribution
Percent of People with Each Score
Percentile by Number Answered
Your Score History
You have not taken this quiz